Statistics for Europe by Borders in 20 Seconds

Click here to take the quiz!

General Stats

  • This quiz has been taken 320 times
  • The average score is 36 of 45

Answers on the Map

Answers color-coded by a green-red scale on the quiz's map according to % correct below.
 

Answer Stats

Country% Correct
France
99%
Germany
99%
Switzerland
99%
Austria
96%
Poland
96%
Spain
96%
Belgium
94%
Czech Republic
94%
Luxembourg
93%
Netherlands
93%
Belarus
92%
Finland
92%
Italy
92%
Norway
92%
Russia
92%
Ukraine
92%
United Kingdom
90%
Lithuania
89%
Hungary
87%
Slovenia
87%
Latvia
86%
Andorra
85%
Estonia
85%
Ireland
84%
Romania
82%
Bulgaria
81%
Serbia
80%
Sweden
78%
Macedonia
76%
Portugal
75%
Slovakia
74%
Croatia
73%
Denmark
73%
Montenegro
70%
San Marino
68%
Vatican City
68%
Bosnia and
Herzegovina
67%
Greece
63%
Monaco
63%
Albania
62%
Moldova
61%
Kosovo
59%
Iceland
54%
Liechtenstein
50%
Malta
31%

Score Distribution

Percentile by Number Answered

Percent of People with Each Score

Your Score History

You have not taken this quiz